Prime Ministers of Lithuania Since 1990 - Statistics

General Stats
  • This quiz has been taken 50 times
  • The average score is 12 of 17
Answer Stats
Hint Answer % Correct
2020- Ingrida Šimonytė
94%
1999 Rolandas Paksas
88%
2000-2001 Rolandas Paksas
88%
2016-2020 Saulius Skvernelis
88%
1999-2000 Andrius Kubilius
81%
2008-2012 Andrius Kubilius
81%
2001-2006 Algirdas Brazauskas
69%
2012-2016 Algirdas Butkevičius
69%
2006-2008 Gediminas Kirkilas
63%
1991-1992 Gediminas Vagnorius
63%
1996-1999 Gediminas Vagnorius
63%
1990-1991 Kazimira Prunskienė
63%
1992-1993 Bronislovas Lubys
56%
1993-1996 Adolfas Šleževičius
50%
1991 Albertas Šimėnas
50%
1992 Aleksandras Abišala
50%
1996 Laurynas Stankevičius
50%
No matching quizzes found
Score Distribution
Percent of People with Each Score
Percentile by Number Answered
Your Score History
You have not taken this quiz